000
00236nam a2200097Ia 4500
001
692196
005
20250826161850.0
008
250824s9999 xx 000 0 und d
245
0
_a
İhanet Noktası
_c
Dan Brown
260
_b
ALTIN KİTAPLAR
999
_c
692196
_d
692196